Organic chemistry (Record no. 7367)
[ view plain ]
| 000 -LEADER | |
|---|---|
| fixed length control field | 00520 a2200193 4500 |
| 020 ## - INTERNATIONAL STANDARD BOOK NUMBER | |
| International Standard Book Number | 0071115625 |
| 040 ## - CATALOGING SOURCE | |
| Original cataloging agency | DLC |
| Language of cataloging | DLC |
| 082 ## - DEWEY DECIMAL CLASSIFICATION NUMBER | |
| Classification number | 547 |
| 100 1# - MAIN ENTRY--PERSONAL NAME | |
| Personal name | Carey, Francis A. |
| 245 10 - TITLE STATEMENT | |
| Title | Organic chemistry |
| Statement of responsibility, etc. | Francis A. Carey |
| 250 ## - EDITION STATEMENT | |
| Edition statement | 6. ed. |
| 260 ## - PUBLICATION, DISTRIBUTION, ETC. | |
| Place of publication, distribution, etc. | Boston : |
| Name of publisher, distributor, etc. | McGraw-Hill, |
| Date of publication, distribution, etc. | c2006. |
| 300 ## - PHYSICAL DESCRIPTION | |
| Extent | 1271, 63, 22, 29 p. : |
| Other physical details | ill. , diagr. |
| 500 ## - GENERAL NOTE | |
| General note | McGraw-Hill international edition |
| 650 #0 - SUBJECT ADDED ENTRY--TOPICAL TERM | |
| Topical term or geographic name entry element | Chemistry, Organic. |
| 650 #0 - SUBJECT ADDED ENTRY--TOPICAL TERM | |
| Topical term or geographic name entry element | Organisk kemi. |
| 650 #0 - SUBJECT ADDED ENTRY--TOPICAL TERM | |
| Topical term or geographic name entry element | Chemistry, Organic. |
| 942 ## - ADDED ENTRY ELEMENTS (KOHA) | |
| Koha item type | Book |
| Call number prefix | 547 CAR |
| Source of classification or shelving scheme | |
| Withdrawn status | Lost status | Damaged status | Not for loan | Collection code | Permanent Location | Current Location | Shelving location | Date acquired | Source of acquisition | Cost, normal purchase price | Total Checkouts | Total Renewals | Full call number | Barcode | Date last seen | Date last checked out | Price effective from | Koha item type |
|---|---|---|---|---|---|---|---|---|---|---|---|---|---|---|---|---|---|---|
| Central Library (CL) | Central Library (CL) | General Stacks | 01/16/2007 | Allied Book Company | 4215.51 | 6 | 11 | 547 CAR | SEECS007994 | 01/26/2026 | 11/20/2024 | 01/05/2017 | Book | |||||
| Central Library (CL) | Central Library (CL) | General Stacks | 01/16/2006 | Allied Book Company | 4215.51 | 5 | 9 | 547 CAR | SEECS007995 | 01/26/2026 | 12/13/2024 | 01/05/2017 | Book |
